Prénoms féminins les plus populaires en C - Statistiques

Statistiques générales
  • Ce quiz a été pris 1 276 fois
    324 depuis la dernière actualisation
  • Le résultat moyen est 23 sur 49
Statistiques - réponses
Hint Réponse % Correct
Céline
91%
Cécile
84%
Ch Charlotte
81%
Ch Chloé
81%
Ca Camille
80%
Co Corinne
76%
Ca Clara
74%
Célia
73%
Ca Caroline
71%
Ch Christine
66%
Co Coralie
63%
Ca Catherine
62%
Cl Clémence
58%
Ch Charlie
57%
Ca Carole
56%
Cl Claire
56%
Cl Clémentine
53%
Cl Carla
52%
Ch Christiane
52%
Ch Christelle
51%
Ca Carine
50%
Ci Cindy
48%
Ch Chantal
47%
Ch Charlene
47%
Cl Claude
45%
Co Coline
45%
Cécilia
44%
Cy Cynthia
44%
Ca Cassandra
41%
Cl Clarisse
41%
Cl Cléa
41%
Cl Claudine
40%
Cl Clothilde
37%
Co Colette
37%
Ca Cathy
35%
Ca Cassandre
34%
Cl Cléo
34%
Cy Cyrielle
33%
Ca Capucine
32%
Cl Claudette
31%
Ca Carmen
30%
Ca Camélia
29%
Co Constance
28%
Ca Candice
24%
Céleste
24%
Ch Chiara
21%
Ce Cerise
11%
Co Colombe
6%
Ca Cassiopé
5%
Aucun quiz correspondant
Distribution des résultats
% des personnes avec chaque résultat
Percentile par nombre de réponses
Votre historique - résultats
Vous n’avez pas pris ce quiz depuis la dernière actualisation